| 000 | 00708nam a22002297a 4500 | ||
|---|---|---|---|
| 999 |
_c10303 _d10303 |
||
| 003 | AR-CdUCM | ||
| 008 | 190329b ||||| |||| 00| 0 spa d | ||
| 040 |
_aMUNICIPALIDAD PROVINCIAL DEL CUSCO _cBIBLIOTECA MUNICIPAL DEL CUSCO |
||
| 041 | _heng | ||
| 082 |
_23ed _aEP / 800 / _bS31 |
||
| 100 |
_aSchiller, C. F. _927091 |
||
| 245 | _aGuillermo Tell / | ||
| 260 |
_aBarcelona : _bEditorial Bruguera, _c1963. |
||
| 300 |
_a255 páginas ; _bIlustraciones _c19 cm. |
||
| 440 |
_aColección historias _926794 |
||
| 505 | _aContenido: Literatura Universal. | ||
| 650 |
_aLiteratura Universal _9611 |
||
| 650 |
_aLiteratura escolar _926679 |
||
| 650 |
_aFicción _9184 |
||
| 942 |
_2ddc _cLIBROS |
||
| 945 | _adavv | ||